[Event "146 Stay Safe Play From Home series"]
[Site "T#646011Emanuel Laske"]
[Date "2020.05.13"]
[Round "8"]
[White "Chessencounter"]
[Black "Onlyforchess"]
[Result "1/2-1/2"]
[WhiteElo "2222"]
[BlackElo "2508"]
[Annotator "TA"]
[PlyCount "350"]
[EventDate "2020.05.13"]
[EventType "swiss (blitz)"]

{[%evp 9,350,-33,-10,-8,0,-12,-11,-59,-52,-76,-74,-74,-74,-78,-72,-70,-66,-163,-174,-166,-144,-145,-97,-110,-84,-89,-82,-89,-59,-66,0,-266,-250,-252,-260,-458,-424,-419,-377,-1304,-437,-430,-316,-418,-156,-148,-84,-84,-84,-84,-84,-84,-84,-187,-199,-198,-28,-148,-161,-98,-83,-289,-247,-293,-293,-288,-288,-316,-316,-491,-316,-7968,-265,-258,-258,-269,-207,-207,-117,-207,-207,-207,-207,-316,-316,-8049,-8,-316,-8,-8,-8,-8,-8,-8,-8,-8,-8,-8,-8,-8,-8,-8,-8,-8,-8,-8,-8,-8,-8,-8,-8,-8,-8,-8,-8,-8,-8,-8,-8,-8,-8,-8,-8,-8,-8,-8,-8,-8,-8,-8,-8,-8,-8,-8,-8,-8,-8,-8,-8,-8,-8,-8,-8,-8,-8,-8,0,-8,-8,-8,-8,-8,-8,-8,-8,-8,0,-8,-8,-8,-8,-8,-8,-8,-8,-8,-8,-8,0,-8,-8,-8,-8,-8,-8,-8,-8,-8,-8,-8,-8,-8,-8,-8,-8,-8,-8,-8,-8,-8,-8,-8,-8,-8,-8,-8,-8,-8,-8,-8,-8,-8,-8,-8,-8,-8,-8,-8,-8,-8,-8,-8,-8,-8,-8,-8,-8,-8,-8,-8,-8,-8,-8,-8,0,-8,-8,-8,-8,-8,-8,-8,-8,-8,-8,-8,-8,-8,-8,-8,-8,-8,-8,-8,-8,-8,-8,-8,-8,-8,-8,-8,0,-8,-8,-8,-8,-8,-8,-8,-8,-8,0,-8,-8,-8,-8,-8,-8,-8,-8,-8,-8,-8,-8,-8,-8,-8,-8,-8,-8,-8,-8,-8,-8,-8,-8,-8,-8,-8,-8,-8,-8,-8,-8,-8,-8,-8,0,-8,-8,-8,-8,-8,0,-8,0,-8,0,-8,-8,-8,0,-8,0,-8,-8,-8,-8,-8,-8,-8,-8,-8,-8,-8,-8,-8,-8,-8,-8,-8,-8,-8,-8,-8,0,-8,-8,-8,0,-8,0]} 1. g3 c5 2. Bg2 Nc6 3. Nf3 e5 4. d3 d5 5. Nbd2 g6 6. e4 {A08: King's Indian Attack.} d4 7. Nc4 Bg7 {[#]} 8. Bg5 $146 ({Predecessor:} 8. a4 Nge7 9. O-O O-O 10. Ne1 Be6 11. f4 exf4 12. gxf4 f5 13. Nd2 Rc8 14. Ndf3 {1-0 (68) Cinar,N (2092)-Ozkan,O Kusadasi 2004}) 8... Nge7 9. Qd2 h6 10. Bxe7 Qxe7 11. a4 b6 {[%cal Bb7b6,Bb6b5][%mdl 32]} 12. O-O Rb8 13. a5 (13. Qe2 $15) 13... b5 $19 14. Na3 h5 15. c3 h4 16. Nxh4 Rxh4 17. gxh4 Qxh4 18. f4 dxc3 (18... Bh6 {feels hotter.} 19. Nc2 Bxf4 20. Rxf4 Qxf4 21. Qxf4 exf4 22. cxd4 Nxd4 23. Nxd4 cxd4 24. Rf1 g5) 19. bxc3 exf4 ({Black should try} 19... Bh6 $1 $15 20. Qe3 Qe7) 20. Qxf4 $4 {[%mdl 8192]} (20. e5 $11 Nxe5 21. Rxf4) 20... Qxf4 21. Rxf4 Bxc3 22. Rc1 $2 (22. Rb1 b4 23. Nc4) 22... Bd2 23. Rff1 Bxc1 24. Rd1 $2 (24. Rxc1 b4 25. Nc4) 24... c4 (24... Bxa3 $142 25. Bh1 b4) 25. Rxc1 Nd4 26. Bf1 {[#]} Nb3 $2 (26... c3 $1 $19 {[%mdl 512]} 27. Nxb5 (27. Rxc3 b4) 27... Nxb5) 27. Rb1 $17 Nd2 (27... Nxa5 $142 {And now ...b4 would win.} 28. Rxb5 Rxb5 29. Nxb5 a6) 28. Rxb5 Rxb5 29. Nxb5 Nxf1 30. Kxf1 cxd3 {[%mdl 4096] Endgame White must now prevent ...d2. KB-KN} 31. Ke1 (31. Nd6+ $17 Kd7 32. Nxf7) 31... Kd7 $1 $19 32. Kd2 {[#]} a6 $2 ({Black should play} 32... Ba6 $1 $19 {[%cal Ra6b5]} 33. Nd4 (33. Nxa7 $2 Kc7 $19) 33... Kd6) 33. Nc3 (33. Nd4 $11) 33... Kd6 $17 34. Kxd3 {[#]} Kc5 $1 35. e5 $2 (35. Nd5 $17) 35... Be6 36. Ne4+ Kd5 37. Ng5 Kxe5 38. Nf3+ Kf4 39. Nd4 (39. Nd2 $142) 39... Bd5 $19 40. Nb3 $2 (40. Ke2) 40... Bb7 $2 (40... Bxb3 41. Kd4 Be6) 41. Nc5 Bc8 42. Kd4 Kg4 43. Ke5 Kh3 (43... f5 $19 44. Nd3 g5) 44. Kf6 (44. Kd6 $17 {might work better.}) 44... Kxh2 45. Kxf7 g5 {aiming for ...g4.} 46. Ne4 (46. Kf6 {was forced.} g4 47. Nd3) 46... g4 47. Kg6 $2 (47. Kf6 Kg2 48. Kg5) 47... Bb7 $2 (47... g3 $19 {( -> ...g2)} 48. Nxg3 Kxg3) 48. Kg5 $2 {[%mdl 8192]} (48. Kf5 $1 $11 {and White stays safe.}) 48... Bxe4 $2 (48... g3 $19 49. Nxg3 Kxg3) 49. Kxg4 {KB-KP. The position is equal.} Bd3 {...Kg2 is the strong threat.} (49... Bc6 {keeps more tension.} 50. Kf4 Kg2 51. Ke3 Kf1 52. Kd2 Kg1) 50. Kf4 Bb5 51. Ke5 Kg1 52. Kd4 Kf1 53. Kc3 Ke1 54. Kb2 Kd1 55. Ka1 Kd2 56. Ka2 Kd3 57. Ka1 Kc4 58. Kb1 Kb4 59. Ka1 $1 Ka4 60. Kb1 Ka3 61. Ka1 Kb3 62. Kb1 Kc3 63. Ka1 Kd4 64. Kb1 Kd5 65. Ka1 Bc4 66. Kb1 Kc5 67. Ka1 Kb5 68. Kb2 Bd5 69. Ka1 Be6 70. Kb2 Bf7 71. Ka1 Bg8 72. Kb2 Bh7 73. Ka1 Bg6 74. Kb2 Bf5 75. Ka1 Be4 76. Kb2 Bd3 77. Ka1 Bc4 78. Kb2 Kxa5 79. Ka1 Bb5 80. Kb2 Kb4 {Hoping for ...Bd3.} 81. Ka1 Ba4 82. Kb2 Bb5 83. Ka1 $1 Bc6 84. Kb1 Bd7 85. Ka1 Be8 86. Kb1 Bf7 87. Ka1 Bg8 88. Kb2 Bf7 89. Ka1 Bg6 90. Kb2 Bf5 91. Ka1 a5 92. Kb2 Be6 93. Ka1 Bd7 94. Kb2 Bc8 95. Ka1 Bb7 96. Kb2 Ba6 97. Ka1 Bb5 98. Kb2 Bc4 99. Ka1 $1 Bd3 100. Kb2 Be2 101. Ka1 Bf1 102. Kb2 Bg2 103. Ka1 Bh3 104. Kb2 Bg4 105. Ka1 Kb5 106. Kb2 Kb6 107. Ka1 Ka6 108. Kb2 Kb5 109. Ka3 a4 110. Kb2 Kb4 111. Ka1 Bf5 112. Kb2 Be6 113. Ka1 Bd5 114. Kb2 Bc6 115. Ka1 Bb5 116. Kb2 Bc6 117. Ka2 Bd7 118. Ka1 Be8 119. Kb2 Bf7 120. Ka1 Bg6 121. Ka2 Bh5 122. Kb2 Bf3 123. Ka1 Be4 124. Kb2 Bd5 125. Ka1 a3 126. Kb1 Bc6 127. Ka1 Bb7 128. Kb1 Bc8 129. Ka1 Bd7 130. Kb1 Bc6 131. Ka1 Bb5 132. Kb1 Ba4 133. Ka1 Bb3 134. Kb1 Bc4 135. Ka1 Bd5 136. Kb1 Be6 137. Ka1 Bf7 138. Kb1 Bg8 139. Ka1 Kb3 140. Kb1 Bf7 141. Ka1 Be6 142. Kb1 Bd5 143. Ka1 Bc4 144. Kb1 Bb5 145. Ka1 Ba6 146. Kb1 Bd3+ 147. Ka1 Be2 148. Kb1 Bf1 149. Ka1 Bg2 150. Kb1 Bf3 151. Ka1 Bg4 152. Kb1 Bh3 153. Ka1 Be6 154. Kb1 Bd7 155. Ka1 Bc6 156. Kb1 Bb5 157. Ka1 Be2 158. Kb1 Bf1 159. Ka1 Kb4 160. Kb1 Bc4 161. Ka1 Bb5 162. Kb1 Ka4 163. Ka1 Bc6 164. Kb1 Bd7 165. Ka1 Be8 166. Kb1 Bf7 167. Ka1 Bg6 168. Ka2 Bh5 169. Ka1 Bg4 170. Ka2 Bf5 171. Ka1 Be6 172. Kb1 Bd7 173. Ka1 Bb5 174. Kb1 Bd3+ 175. Ka1 Bc4 {And White is the lucky defender. Accuracy: White = 57%, Black = 72%.} 1/2-1/2

[Event "146 Stay Safe Play From Home series"]
[Site "T#646011Emanuel Laske"]
[Date "2020.05.13"]
[Round "8"]
[White "Weltszmerc"]
[Black "Little champs"]
[Result "0-1"]
[WhiteElo "2086"]
[BlackElo "2105"]
[Annotator "TA"]
[PlyCount "124"]
[EventDate "2020.05.13"]
[EventType "swiss (blitz)"]

{[%evp 12,124,35,-72,62,57,92,87,93,60,75,0,99,97,99,105,141,136,141,141,167,-5,0,-227,-2,0,7,-375,-374,-549,-544,-843,-868,-866,-823,-792,-620,-625,-625,-638,-636,-679,-674,-726,-721,-725,-724,-656,-465,-447,-451,-443,-426,-29993,-485,-514,-469,-461,-460,-523,-523,-550,-429,-432,-421,-418,-400,-565,-204,-204,-159,-29977,-29979,-29979,-29980,-29972,-140,-149,-115,-115,-113,-113,-113,-159,-159,-248,-248,-248,-248,-248,-248,-245,-220,-247,-158,-3160,-332,-1906,-1769,-1498,-1441,-29971,0,-29974,-29975,-29972,-29971,-29979,-1947,-29978,-29979,-29978,-29979,-29983,-29981]} 1. d4 e6 2. c4 d5 3. Nf3 dxc4 4. g3 Nf6 5. Bg2 Be7 6. O-O O-O 7. Nbd2 (7. Ne5 $14 {keeps the upper hand.}) 7... c6 {E05: Open Catalan: 5 Nf3 Be7.} (7... b5 $1 $17) 8. Nxc4 $14 Nbd7 9. Qc2 Nb6 {White is better.} 10. Na5 Nbd5 11. Nc4 Nb6 $1 12. Nce5 Nfd7 13. Nd3 {[#]} Bf6 $146 ({Predecessor:} 13... Bd6 14. e4 Qe7 15. a4 a5 16. e5 Bc7 17. b3 Nd5 18. Ba3 Nb4 19. Qc3 Rd8 20. Nxb4 axb4 21. Bxb4 Qe8 {1-0 (45) Assaubayeva,B (2224)-Podgornova,A (1708) Sochi 2017}) 14. a3 Qe7 15. e4 e5 16. d5 $2 (16. Re1 $18) 16... cxd5 $11 17. exd5 $2 (17. Nd2 $11) 17... Nxd5 $2 ({Black should play} 17... e4 $19 18. Re1 exd3 19. Qxd3 Qd8) 18. Re1 $1 e4 19. Nh4 $2 {[%mdl 8192]} (19. Nf4 $11 {and White stays safe.} Nxf4 20. Bxf4) 19... exd3 $19 {[%mdl 64] Discovered Attack} 20. Rxe7 (20. Qd1 $142 Qc5 21. Qxd3) 20... dxc2 21. Rxd7 Bxd7 22. Bxd5 Be6 23. Be4 Bxh4 24. gxh4 Rac8 25. Be3 Rfd8 26. Bxc2 Rxc2 27. Kg2 Bd5+ 28. Kg3 Rd6 29. Rd1 Rg6+ 30. Kf4 Rc4+ ({But not} 30... Rd6 31. Ke5 $19) 31. Ke5 h5 32. Rxd5 (32. Kxd5 $19 Rxh4 33. Bxa7) 32... Rxh4 {[%mdl 4096] Endgame KRR-KRB} (32... Re6+ $142 33. Kf5 Rg4 34. Rd8+ Kh7 35. Rh8+ Kxh8 36. Bd4 Rxd4 37. f3 Red6 38. h3 R6d5#) 33. Rd8+ Kh7 34. Rd7 Rxh2 35. Rxf7 h4 36. Rxb7 h3 37. Rb4 Rh1 {White must now prevent ...Re1.} 38. Rh4+ Kg8 39. Kf5 (39. Ke4 $142) 39... Rf6+ $2 (39... Rg2 {And now ...h2 would win.} 40. Ke4 g5) 40. Kg4 h2 {( -> ...Rg1+)} 41. Kh5 $2 (41. Kh3 $17) 41... Rg1 42. Rxh2 Rf5+ 43. Kh4 Rg6 $2 (43... g6 44. Rg2 Rxg2 45. Kh3 Rgxf2 46. Kg4 Rg2+ 47. Kh3 Rxb2 48. Kh4 Rg2 49. Kh3 Rc2 50. Bh6 Rh5+ 51. Kg4 Rxh6 52. Kf4 Rh3 53. Ke5 Rxa3 54. Kf6 Ra5 55. Ke7 Rd2 56. Kf6 Re2 57. Kxg6 Re6#) 44. Rh3 Re5 {Strongly threatening ...Re4+.} 45. Rg3 Rxg3 46. Kxg3 $17 {KR-KB} a5 {[%cal Ba7a5,Ba5a4][%mdl 32]} 47. Kf4 Rb5 48. Bd4 (48. b4 $17 {is a better defense.}) 48... Rb3 49. Bc3 a4 50. Ke4 Rb7 51. Kd4 Kf7 52. Ke3 Ke6 53. f4 $2 (53. Ke4 $17) 53... g6 $2 (53... Kf5 54. Kf3 Rd7) 54. Be5 $2 (54. Ke4) 54... Kf5 $19 55. Bc3 Rb3 56. Kd4 Rb7 $2 (56... Kxf4 {mates} 57. Bd2+ Kg4 58. Bc3 Kf3 59. Bd2 Rxb2 60. Bg5 Rg2 61. Bf6 g5 62. Kc3 g4 63. Be5 Re2 64. Bd6 Re6 65. Bh2 g3 66. Bg1 g2 67. Kb4 Re1 68. Bc5 Re3 $1 {[%mdl 576] Promotion} 69. Bxe3 Kxe3 70. Kxa4 g1=Q 71. Kb4 Kd4 72. Kb5 Qg6 73. a4 Qf6 74. Ka5 Qc6 75. Kb4 Qb6+ 76. Ka3 Kc3 77. Ka2 Qb2#) 57. Kc4 $2 {[%mdl 8192]} (57. Ke3 $11 Re7+ 58. Kf3) 57... Kxf4 58. Bd2+ Kf3 59. Bc3 Rf7 (59... g5 $142 60. Bd4 g4 61. Be5 Rb3 62. Kc5 g3 63. Bd6 g2 64. Bh2 Rxb2 65. Kd6 Rb1 66. Kc5 Rh1 67. Bd6 g1=Q+ 68. Kc6 {[#]} Rh6 $1 {[%mdl 512]} 69. Kd5 Qb6 70. Be5 Qb5+ 71. Kd4 Rc6 72. Bh8 Rd6+ 73. Kc3 Qb3#) 60. Kc5 g5 {Black mates.} 61. Kb4 g4 62. Kxa4 g3 {Accuracy: White = 45%, Black = 49%.} 0-1

[Event "146 Stay Safe Play From Home series"]
[Site "T#646011Emanuel Laske"]
[Date "2020.05.13"]
[Round "8"]
[White "SoulofWolf"]
[Black "Lazieri3"]
[Result "1-0"]
[WhiteElo "2080"]
[BlackElo "2042"]
[Annotator "TA"]
[PlyCount "141"]
[EventDate "2020.05.13"]
[EventType "swiss (blitz)"]

{[%evp 11,141,47,47,41,160,24,23,20,28,25,31,13,18,17,23,26,37,10,29,30,18,21,36,16,17,0,0,0,0,-11,0,-7,-18,-18,0,-91,0,-20,0,0,0,-87,37,44,45,0,9,-3,22,5,20,0,14,0,29,0,35,5,27,0,34,9,34,0,43,28,24,7,46,61,54,29,41,12,27,22,39,-55,0,0,0,0,2,-2,25,0,21,11,81,35,71,28,25,30,33,0,10,0,91,-52,-61,-63,-55,-82,306,316,303,24,36,0,12,11,2967,4347,3487,3122,4990,3510,29978,29979,29986,29986,29987,29988,29988,29988,29988,29989,29989,29990,29990,29989]} 1. e4 c6 2. Nc3 d5 3. Nf3 dxe4 4. Nxe4 Nd7 5. Ng3 Ndf6 6. d4 Bg4 7. c3 {[#] B17: Caro-Kann: Modern Line (4...Nd7).} Nh5 $146 {[#]} ({Better is} 7... e6 $14) ({Predecessor:} 7... e6 8. h3 Bxf3 9. Qxf3 Bd6 10. Bd3 Qc7 11. O-O Ne7 12. Bg5 Nfd5 13. Nh5 O-O 14. a3 g6 {1-0 (78) Lagno,K (2554)-Danielian,E (2417) chess.com INT 2019}) 8. Nxh5 (8. Qb3 $1 $16 {Hoping for Bc4.} Qb6 9. Ne5 Qxb3 10. axb3 Nxg3 11. hxg3) 8... Bxh5 $11 9. Be2 {White has an edge.} Nf6 10. Bg5 e6 11. Qd3 Be7 12. O-O Bg6 13. Qc4 Nd5 14. Bd2 Nb6 15. Qb3 O-O 16. Rad1 Nd7 17. Bf4 Qb6 18. Qxb6 axb6 19. a3 b5 20. h4 h6 21. g4 Bc2 22. Rd2 Be4 23. Ne1 (23. h5 $11) 23... Rfd8 (23... Bxh4 $17 24. f3 Bg6) 24. f3 Bh7 25. h5 Nf6 26. Kf2 (26. Bg3 $11 {remains equal.}) 26... Bd6 (26... Nd5 $17 27. Bg3 Bg5) 27. Bxd6 $14 Rxd6 28. Ng2 Rad8 29. Rfd1 Nd5 30. Bf1 Kf8 31. Be2 Ke7 32. Bf1 Kf8 33. Be2 Ke7 34. Rc1 Kf8 35. Bf1 Ke7 36. Rdd1 Kf8 37. Rd2 Ke7 38. Re1 Kf8 39. Nh4 Nf4 40. Kg3 Nd5 41. Ng2 Ke7 42. Red1 Kf8 43. Ra1 Ke7 44. a4 (44. Re1 $14) 44... bxa4 ({Black should play} 44... Ra8 $15) 45. Rxa4 $11 b5 46. Ra7+ R8d7 47. Ra6 Kf8 48. Rd1 Rd8 49. Rda1 Bc2 (49... b4 $1 $11) 50. Ra7 (50. Nf4 {seems wilder.} Nxf4 51. Kxf4 Bb3 52. Kg3 Bd5 53. Bd3) 50... R6d7 51. Ra8 Rxa8 52. Rxa8+ Ke7 53. Rc8 Kd6 54. Rg8 g6 (54... f5 $11 {keeps the balance.}) 55. Nh4 (55. Ne1 $16 Bb1 56. hxg6 Bxg6 57. Bd3) 55... gxh5 $15 56. gxh5 Ne3 57. Bh3 Nf5+ $2 {[%mdl 8192]} (57... Nd1 $17 {keeps the pressure on.} 58. Ra8 Bb3) 58. Bxf5 $18 Bxf5 {[%mdl 4096] Endgame KRB-KRN} 59. f4 $2 (59. Nxf5+ $18 exf5 60. Rh8) 59... Be4 $11 60. Kg4 f5+ 61. Kg3 Rg7+ $2 {[%mdl 8192]} (61... c5 $11) 62. Rxg7 $18 Kd5 63. Rg6 Kc4 64. Rxh6 b4 65. Ng6 {White mates.} bxc3 66. Ne5+ {[%mdl 64] [#] Discovered Attack} Kxd4 67. bxc3+ Kxc3 68. Rxe6 Kd4 69. Rxc6 Bxc6 70. Nxc6+ Kd5 71. h6 {Accuracy: White = 58%, Black = 60%.} 1-0

[Event "146 Stay Safe Play From Home series"]
[Site "T#646011Emanuel Laske"]
[Date "2020.05.13"]
[Round "8"]
[White "Don59as"]
[Black "Haxhi Baha"]
[Result "0-1"]
[WhiteElo "2038"]
[BlackElo "1987"]
[Annotator "RC"]
[PlyCount "102"]
[EventDate "2020.05.13"]
[EventType "swiss (blitz)"]

1. c3 {[%emt 0:00:01]} d5 {[%emt 0:00:01]} 2. d4 {[%emt 0:00:01]} c5 {[%emt 0:00:01]} 3. g3 {[%emt 0:00:01]} Nc6 {[%emt 0:00:01]} 4. Nf3 {[%emt 0:00:01]} cxd4 {[%emt 0:00:00]} 5. cxd4 {[%emt 0:00:01]} Bg4 {[%emt 0:00:01]} 6. Bg2 {[%emt 0:00:01]} Qd7 {[%emt 0:00:01]} 7. h3 {[%emt 0:00:02]} Bh5 {[%emt 0:00:02]} 8. g4 {[%emt 0:00:01]} Bg6 {[%emt 0:00:01]} 9. O-O {[%emt 0:00:01]} Nf6 {[%emt 0:00:01]} 10. Ne5 {[%emt 0:00:01]} Qc7 {[%emt 0:00:03]} 11. Nc3 {[%emt 0:00:01]} e6 {[%emt 0:00:01]} 12. Nxc6 {[%emt 0:00:03]} bxc6 {[%emt 0:00:01]} 13. Bg5 {[%emt 0:00:02]} Be7 {[%emt 0:00:01]} 14. Rc1 {[%emt 0:00:01]} Ne4 {[%emt 0:00:01]} 15. Nxe4 {[%emt 0:00:02]} dxe4 {[%emt 0:00:00]} 16. Bxe7 {[%emt 0:00:02]} Kxe7 {[%emt 0:00:01]} 17. d5 {[%emt 0:00:01]} exd5 {[%emt 0:00:02]} 18. Qxd5 {[%emt 0:00:01]} cxd5 {[%emt 0:00:01]} 19. Rxc7+ {[%emt 0:00:01]} Kd6 {[%emt 0:00:02]} 20. Rfc1 {[%emt 0:00:01]} f5 {[%emt 0:00:04]} 21. f4 {[%emt 0:00:01]} exf3 {[%emt 0:00:01]} 22. exf3 {[%emt 0:00:01]} f4 {[%emt 0:00:05]} 23. R1c6+ {[%emt 0:00:03]} Ke5 {[%emt 0:00:01]} 24. Rxg7 {[%emt 0:00:01]} Rhc8 {[%emt 0:00:03]} 25. Re7+ {[%emt 0:00:01]} Kd4 {[%emt 0:00:01]} 26. Rec7 {[%emt 0:00:01]} Rxc7 {[%emt 0:00:01]} 27. Rxc7 {[%emt 0:00:00]} Kd3 {[%emt 0:00:01]} 28. Kf2 {[%emt 0:00:01]} Kd2 {[%emt 0:00:01]} 29. Bf1 {[%emt 0:00:00]} d4 {[%emt 0:00:01]} 30. Rd7 {[%emt 0:00:01]} d3 {[%emt 0:00:01]} 31. h4 {[%emt 0:00:02]} Rc8 {[%emt 0:00:08]} 32. h5 {[%emt 0:00:02]} Rc2 {[%emt 0:00:02]} 33. hxg6 {[%emt 0:00:02]} Kc1+ {[%emt 0:00:01]} 34. Ke1 {[%emt 0:00:02]} d2+ {[%emt 0:00:01]} 35. Rxd2 {[%emt 0:00:01]} Rxd2 {[%emt 0:00:00]} 36. g7 {[%emt 0:00:03]} Rd1+ {[%emt 0:00:02]} 37. Kf2 {[%emt 0:00:01]} Rd8 {[%emt 0:00:00]} 38. Bc4 {[%emt 0:00:01]} Kxb2 {[%emt 0:00:01]} 39. g8=Q {[%emt 0:00:02]} Rxg8 {[%emt 0:00:00]} 40. Bxg8 {[%emt 0:00:00]} h6 {[%emt 0:00:00]} 41. Bf7 {[%emt 0:00:01]} Kc3 {[%emt 0:00:00]} 42. Ke2 {[%emt 0:00:00]} a6 {[%emt 0:00:00]} 43. a4 {[%emt 0:00:01]} a5 {[%emt 0:00:00]} 44. Be8 {[%emt 0:00:01]} Kd4 {[%emt 0:00:00]} 45. Bb5 {[%emt 0:00:00]} Kc5 {[%emt 0:00:01]} 46. Kd3 {[%emt 0:00:01]} Kd5 {[%emt 0:00:00]} 47. Kc3 {[%emt 0:00:01]} Ke5 {[%emt 0:00:00]} 48. Kc4 {[%emt 0:00:01]} Kf6 {[%emt 0:00:00]} 49. Kd3 {[%emt 0:00:00]} Kg5 {[%emt 0:00:00]} 50. Ke4 {[%emt 0:00:00]} Kh4 {[%emt 0:00:00]} 51. Kxf4 {[%emt 0:00:01]} Kh3 {[%emt 0:00:00] Time (Lag: Av=0.96s, max=1.4s) .} 0-1

[Event "146 Stay Safe Play From Home series"]
[Site "T#646011Emanuel Laske"]
[Date "2020.05.13"]
[Round "8"]
[White "Fischer_11"]
[Black "Lucknow"]
[Result "1-0"]
[WhiteElo "1955"]
[BlackElo "1766"]
[PlyCount "87"]
[EventDate "2020.05.13"]
[EventType "swiss (blitz)"]

1. e4 {[%emt 0:00:02]} c5 {[%emt 0:00:01]} 2. c3 {[%emt 0:00:01]} d5 {[%emt 0:00:01]} 3. exd5 {[%emt 0:00:01]} Qxd5 {[%emt 0:00:00]} 4. d4 {[%emt 0:00:00]} Nc6 {[%emt 0:00:01]} 5. dxc5 {[%emt 0:00:02]} Qxd1+ {[%emt 0:00:04]} 6. Kxd1 {[%emt 0:00:00]} e6 {[%emt 0:00:01]} 7. b4 {[%emt 0:00:00]} Nf6 {[%emt 0:00:01]} 8. Bb5 {[%emt 0:00:01]} Be7 {[%emt 0:00:01]} 9. Bxc6+ {[%emt 0:00:01]} bxc6 {[%emt 0:00:01]} 10. Nf3 {[%emt 0:00:00]} a5 {[%emt 0:00:01]} 11. a3 {[%emt 0:00:02]} Ba6 {[%emt 0:00:01]} 12. Be3 {[%emt 0:00:03]} Rd8+ {[%emt 0:00:01]} 13. Nbd2 {[%emt 0:00:01]} Nd5 {[%emt 0:00:01]} 14. Kc2 {[%emt 0:00:01]} Nxe3+ {[%emt 0:00:02]} 15. fxe3 {[%emt 0:00:00]} Bf6 {[%emt 0:00:01]} 16. Nd4 {[%emt 0:00:01]} Bb7 {[%emt 0:00:02]} 17. Ne4 {[%emt 0:00:01]} Ke7 {[%emt 0:00:02]} 18. Nd6 {[%emt 0:00:02]} Ba8 {[%emt 0:00:03]} 19. Kb3 {[%emt 0:00:04]} Be5 {[%emt 0:00:02]} 20. Nc4 {[%emt 0:00:03]} Bc7 {[%emt 0:00:02]} 21. Rad1 {[%emt 0:00:04]} f6 {[%emt 0:00:03]} 22. h3 {[%emt 0:00:01]} Rb8 {[%emt 0:00:01]} 23. Rhe1 {[%emt 0:00:04]} e5 {[%emt 0:00:02]} 24. Nf5+ {[%emt 0:00:02]} Ke6 {[%emt 0:00:01]} 25. Nfd6 {[%emt 0:00:00]} Rhd8 {[%emt 0:00:02]} 26. e4 {[%emt 0:00:02]} Bb7 {[%emt 0:00:02]} 27. Nxb7 {[%emt 0:00:02]} Rxb7 {[%emt 0:00:01]} 28. Rxd8 {[%emt 0:00:02]} Bxd8 {[%emt 0:00:00]} 29. Rd1 {[%emt 0:00:02]} Bc7 {[%emt 0:00:01]} 30. Nd6 {[%emt 0:00:01]} Rb8 {[%emt 0:00:01]} 31. c4 {[%emt 0:00:01]} f5 {[%emt 0:00:01]} 32. Nxf5 {[%emt 0:00:03]} g6 {[%emt 0:00:00]} 33. Nd6 {[%emt 0:00:01]} Rf8 {[%emt 0:00:02]} 34. b5 {[%emt 0:00:01]} cxb5 {[%emt 0:00:02]} 35. cxb5 {[%emt 0:00:00]} Rf2 {[%emt 0:00:01]} 36. Nc4 {[%emt 0:00:03]} a4+ {[%emt 0:00:00]} 37. Kb4 {[%emt 0:00:01]} Bd8 {[%emt 0:00:02]} 38. b6 {[%emt 0:00:00]} Rc2 {[%emt 0:00:02]} 39. Kxa4 {[%emt 0:00:01]} Bc7 {[%emt 0:00:00]} 40. Kb5 {[%emt 0:00:00]} Bb8 {[%emt 0:00:01]} 41. Na5 {[%emt 0:00:01]} Ke7 {[%emt 0:00:01]} 42. Nc6+ {[%emt 0:00:00]} Kf7 {[%emt 0:00:00]} 43. Nxb8 {[%emt 0:00:00]} Rb2+ {[%emt 0:00:01]} 44. Kc6 {[%emt 0:00:00] Zeit (Lag: Av=0.28s, max=0.7s)} 1-0

[Event "146 Stay Safe Play From Home series"]
[Site "T#646011Emanuel Laske"]
[Date "2020.05.13"]
[Round "8"]
[White "Greblah"]
[Black "Ionutn28"]
[Result "0-1"]
[WhiteElo "1886"]
[BlackElo "1798"]
[Annotator "NA"]
[PlyCount "70"]
[EventDate "2020.05.13"]
[EventType "swiss (blitz)"]

1. e4 {[%emt 0:00:01]} c5 {[%emt 0:00:01]} 2. Nc3 {[%emt 0:00:02]} d6 {[%emt 0:00:03]} 3. g3 {[%emt 0:00:01]} Nf6 {[%emt 0:00:01]} 4. Bg2 {[%emt 0:00:00]} Nc6 {[%emt 0:00:01]} 5. d3 {[%emt 0:00:00]} e6 {[%emt 0:00:01]} 6. Be3 {[%emt 0:00:00]} Be7 {[%emt 0:00:00]} 7. h3 {[%emt 0:00:01]} O-O {[%emt 0:00:00]} 8. f4 {[%emt 0:00:01]} d5 {[%emt 0:00:01]} 9. exd5 {[%emt 0:00:03]} exd5 {[%emt 0:00:01]} 10. d4 {[%emt 0:00:01]} cxd4 {[%emt 0:00:01]} 11. Bxd4 {[%emt 0:00:01]} Nxd4 {[%emt 0:00:02]} 12. Qxd4 {[%emt 0:00:01]} b6 {[%emt 0:00:01]} 13. Nge2 {[%emt 0:00:02]} Bc5 {[%emt 0:00:01]} 14. Qd2 {[%emt 0:00:03]} Bb7 {[%emt 0:00:04]} 15. O-O-O {[%emt 0:00:01]} Qe7 {[%emt 0:00:08]} 16. Nxd5 {[%emt 0:00:01]} Nxd5 {[%emt 0:00:01]} 17. Bxd5 {[%emt 0:00:01]} Bxd5 {[%emt 0:00:01]} 18. Qxd5 {[%emt 0:00:01]} Qxe2 {[%emt 0:00:01]} 19. Rhe1 {[%emt 0:00:00]} Qb5 {[%emt 0:00:05]} 20. c4 {[%emt 0:00:02]} Qa4 {[%emt 0:00:04]} 21. Kb1 {[%emt 0:00:01]} h6 {[%emt 0:00:01]} 22. f5 {[%emt 0:00:01]} Rad8 {[%emt 0:00:01]} 23. Qf3 {[%emt 0:00:02]} Rxd1+ {[%emt 0:00:02]} 24. Rxd1 {[%emt 0:00:01]} Qxc4 {[%emt 0:00:01]} 25. Rc1 {[%emt 0:00:01]} Qd4 {[%emt 0:00:02]} 26. f6 {[%emt 0:00:01]} Qxf6 {[%emt 0:00:02]} 27. Qb7 {[%emt 0:00:01]} Qf5+ {[%emt 0:00:02]} 28. Ka1 {[%emt 0:00:01]} Qg5 {[%emt 0:00:02]} 29. Rf1 {[%emt 0:00:02]} Qe7 {[%emt 0:00:03]} 30. Qf3 {[%emt 0:00:03]} Re8 {[%emt 0:00:01]} 31. a3 {[%emt 0:00:01]} Bxa3 {[%emt 0:00:01]} 32. bxa3 {[%emt 0:00:02]} Qe5+ {[%emt 0:00:01]} 33. Qc3 {[%emt 0:00:02]} Qxc3+ {[%emt 0:00:02]} 34. Ka2 {[%emt 0:00:00]} Re2+ {[%emt 0:00:01]} 35. Kb1 {[%emt 0:00:04]} Qb2# {[%emt 0:00:00] (Lag: Av=0.51s, max=0.8s)} 0-1

[Event "146 Stay Safe Play From Home series"]
[Site "T#646011Emanuel Laske"]
[Date "2020.05.13"]
[Round "8"]
[White "Edmatuag"]
[Black "Tobo Rubirosa"]
[Result "0-1"]
[WhiteElo "1653"]
[BlackElo "1526"]
[Annotator "NA"]
[PlyCount "54"]
[EventDate "2020.05.13"]
[EventType "swiss (blitz)"]

1. e4 {[%emt 0:00:07]} c5 {[%emt 0:00:02]} 2. d4 {[%emt 0:00:02]} cxd4 {[%emt 0:00:03]} 3. c3 {[%emt 0:00:00]} dxc3 {[%emt 0:00:01]} 4. Nxc3 {[%emt 0:00:00]} Nc6 {[%emt 0:00:01]} 5. Nf3 {[%emt 0:00:01]} e6 {[%emt 0:00:02]} 6. Bc4 {[%emt 0:00:01]} Qc7 {[%emt 0:00:01]} 7. Bb3 {[%emt 0:00:02]} Nf6 {[%emt 0:00:02]} 8. Qe2 {[%emt 0:00:01]} d6 {[%emt 0:00:01]} 9. O-O {[%emt 0:00:01]} Be7 {[%emt 0:00:01]} 10. Bf4 {[%emt 0:00:02]} a6 {[%emt 0:00:02]} 11. Rfd1 {[%emt 0:00:02]} O-O {[%emt 0:00:02]} 12. Rac1 {[%emt 0:00:01]} e5 {[%emt 0:00:04]} 13. Bg5 {[%emt 0:00:03]} Qb8 {[%emt 0:00:01]} 14. Bxf6 {[%emt 0:00:03]} Bxf6 {[%emt 0:00:02]} 15. Nd5 {[%emt 0:00:00]} Bd8 {[%emt 0:00:01]} 16. h3 {[%emt 0:00:06]} Be6 {[%emt 0:00:02]} 17. Nh2 {[%emt 0:00:04]} Bxd5 {[%emt 0:00:02]} 18. Bxd5 {[%emt 0:00:02]} Nd4 {[%emt 0:00:02]} 19. Qg4 {[%emt 0:00:04]} Bf6 {[%emt 0:00:02]} 20. f4 {[%emt 0:00:04]} exf4 {[%emt 0:00:01]} 21. Rd2 {[%emt 0:00:05]} Qd8 {[%emt 0:00:04]} 22. Nf3 {[%emt 0:00:01]} Nxf3+ {[%emt 0:00:04]} 23. gxf3 {[%emt 0:00:00]} Rc8 {[%emt 0:00:01]} 24. Rg2 {[%emt 0:00:00]} Rxc1+ {[%emt 0:00:02]} 25. Kh2 {[%emt 0:00:00]} Qa5 {[%emt 0:00:01]} 26. Qf5 {[%emt 0:00:02]} Qe1 {[%emt 0:00:02]} 27. Qxf6 {[%emt 0:00:01]} Qh1# {[%emt 0:00:01] (Lag: Av=1.33s, max=5.8s)} 0-1